000 00755nam a2200289Ia 4500
005 20260324124605.0
008 008 260324s9999 xx 000 0 eng d
020 _a9780203741696
037 _aEBOOK
040 _aCRL
040 _beng
040 _cCRL
041 _2eng
041 _aeng
084 _qCRL
100 _aArunangshu Mukhopadhyay
_91174742
245 0 _aPulse-Jet Filtration: an Effective Way to Control Industrial Pollution
245 0 _bPart 1: Theory, Selection and Design of Pulse-Jet Filter
260 _bTaylor and Francis
260 _c2010
365 _a
365 _b385
856 _uhttp://www.taylorfrancis.com/books/9780203741696
942 _cEBOOK
999 _c1769250
_d1769250